Elements of public speaking : (Record no. 293498)
[ view plain ]
| 000 -LEADER | |
|---|---|
| fixed length control field | 00684nam a2200253Ia 4500 |
| 008 - FIXED-LENGTH DATA ELEMENTS--GENERAL INFORMATION | |
| fixed length control field | 160418s9999 xx 000 0 und d |
| 020 ## - INTERNATIONAL STANDARD BOOK NUMBER | |
| International Standard Book Number | 971-23-0415-9 |
| 050 ## - LIBRARY OF CONGRESS CALL NUMBER | |
| Classification number | FIL PN 4129 |
| 050 ## - LIBRARY OF CONGRESS CALL NUMBER | |
| Item number | .G87 2005 c.1 |
| 100 ## - MAIN ENTRY--PERSONAL NAME | |
| Personal name | Gupit, Fortunato, Jr. |
| 245 ## - TITLE STATEMENT | |
| Title | Elements of public speaking : |
| 245 ## - TITLE STATEMENT | |
| Remainder of title | a widely used text / |
| 245 ## - TITLE STATEMENT | |
| Statement of responsibility, etc | Fortunato Gupit, Jr. |
| 250 ## - EDITION STATEMENT | |
| Edition statement | 4th Edition |
| 260 ## - PUBLICATION, DISTRIBUTION, ETC. (IMPRINT) | |
| Place of publication, distribution, etc | Manila : |
| 260 ## - PUBLICATION, DISTRIBUTION, ETC. (IMPRINT) | |
| Name of publisher, distributor, etc | Rex Book Store, Inc., |
| 260 ## - PUBLICATION, DISTRIBUTION, ETC. (IMPRINT) | |
| Date of publication, distribution, etc | 2005 |
| 300 ## - PHYSICAL DESCRIPTION | |
| Extent | 376 pages : |
| 300 ## - PHYSICAL DESCRIPTION | |
| Other physical details | illustrations ; |
| 300 ## - PHYSICAL DESCRIPTION | |
| Dimensions | 23 cm. |
| 500 ## - GENERAL NOTE | |
| General note | Includes bibliographical references. |
| 650 ## - SUBJECT ADDED ENTRY--TOPICAL TERM | |
| Topical term or geographic name as entry element | Public speaking. |
| 650 ## - SUBJECT ADDED ENTRY--TOPICAL TERM | |
| General subdivision | Public speaking -- Textbooks. |
| Withdrawn status | Lost status | Damaged status | Home library | Current library | Shelving location | Date acquired | Total Checkouts | Full call number | Barcode | Date last seen | Price effective from | Koha item type |
|---|---|---|---|---|---|---|---|---|---|---|---|---|
| South Mansfield College | South Mansfield College | Filipiniana Section | 01/09/2008 | FIL PN 4129 .G87 2005 c.1 | SMC03804 | 04/18/2016 | 04/18/2016 |